<?xml version="1.0" encoding="UTF-8"?><?xml-stylesheet type="text/xsl" href="static/style.xsl"?><OAI-PMH xmlns="http://www.openarchives.org/OAI/2.0/" xmlns:xsi="http://www.w3.org/2001/XMLSchema-instance" xsi:schemaLocation="http://www.openarchives.org/OAI/2.0/ http://www.openarchives.org/OAI/2.0/OAI-PMH.xsd"><responseDate>2026-06-03T14:39:22Z</responseDate><request verb="GetRecord" identifier="oai:riuma.uma.es:10630/11508" metadataPrefix="marc">https://riuma.uma.es/rest/oai/request</request><GetRecord><record><header><identifier>oai:riuma.uma.es:10630/11508</identifier><datestamp>2026-02-03T12:11:47Z</datestamp><setSpec>com_10630_2254</setSpec><setSpec>col_10630_37959</setSpec></header><metadata><record xmlns="http://www.loc.gov/MARC21/slim" xmlns:dcterms="http://purl.org/dc/terms/" xmlns:doc="http://www.lyncode.com/xoai" xmlns:xsi="http://www.w3.org/2001/XMLSchema-instance" xsi:schemaLocation="http://www.loc.gov/MARC21/slim http://www.loc.gov/standards/marcxml/schema/MARC21slim.xsd">
   <leader>00925njm 22002777a 4500</leader>
   <datafield ind2=" " ind1=" " tag="042">
      <subfield code="a">dc</subfield>
   </datafield>
   <datafield ind2=" " ind1=" " tag="720">
      <subfield code="a">Compán Cardiel, Víctor Jesús</subfield>
      <subfield code="e">author</subfield>
   </datafield>
   <datafield ind2=" " ind1=" " tag="260">
      <subfield code="c">2016-05-26</subfield>
   </datafield>
   <datafield ind2=" " ind1=" " tag="520">
      <subfield code="a">Es frecuente que las estructuras, una vez realizadas, muestren diferencias, respecto de su concepción original que, en ocasiones, pueden hacer necesaria una intervención posterior con el objetivo de corregir su comportamiento estructural. En otras ocasiones estas actuaciones se hacen necesarias como consecuencias de deterioros sufridos durante la vida útil de la estructura (daño estructural) o como consecuencia de cambios en el propio uso de la estructura. En cualquier caso, tanto en las situaciones descritas, como en muchas otras, la estructura ha de someterse a un proceso de monitorización que nos permita obtener información experimental de ciertos parámetros estructurales con los que afinar los modelos numéricos que de ellas se realizan. Esta jornada se ha estructurado en cuatro conferencias en las que investigadores de las universidades de Sevilla y Córdoba nos darán una visión divulgativa del problema, nos acercarán a alguna de sus técnicas y nos mostrarán algún caso práctico de gran interés.&#xd;
&#xd;
En la tercera conferencia, el profesor de la Universidad de Sevilla Dr. D. Víctor Jesús Compán Cardiel, Arquitecto, mostró cómo la técnica de monitorización conocida pos sus siglas en inglés OMA puede ser aplicada a estructuras antiguas, que forman parte del patrimonio, para aprender de estas estructuras y, llegado el caso, detectar daño en las mismas y poder tomar las medidas necesarias para mejorar su capacidad portante y, con ello, incrementar el tiempo por el que podremos disfrutar de estos singulares edificios.</subfield>
   </datafield>
   <datafield ind1="8" ind2=" " tag="024">
      <subfield code="a">http://hdl.handle.net/10630/11508</subfield>
   </datafield>
   <datafield ind1="8" ind2=" " tag="024">
      <subfield code="a">http://orcid.org/0000-0002-6478-1833</subfield>
   </datafield>
   <datafield tag="653" ind2=" " ind1=" ">
      <subfield code="a">Estructuras (Construcción) - Dinámica</subfield>
   </datafield>
   <datafield ind2="0" ind1="0" tag="245">
      <subfield code="a">Identificación de daño en estructuras históricas mediante análisis modal operacional (OMA)</subfield>
   </datafield>
</record>
</metadata></record></GetRecord></OAI-PMH>